Accounting: (Record no. 183046)
[ view plain ]
| 000 -LEADER | |
|---|---|
| fixed length control field | 00833nam a2200253Ia 4500 |
| 003 - CONTROL NUMBER IDENTIFIER | |
| control field | OSt |
| 005 - DATE AND TIME OF LATEST TRANSACTION | |
| control field | 20260121090608.0 |
| 008 - FIXED-LENGTH DATA ELEMENTS--GENERAL INFORMATION | |
| fixed length control field | 210716s2005 xx 000 0 und d |
| 020 ## - INTERNATIONAL STANDARD BOOK NUMBER | |
| International Standard Book Number | 0072819502 |
| 040 ## - CATALOGING SOURCE | |
| Transcribing agency | AIMIT LIBRARY |
| 041 ## - LANGUAGE CODE | |
| Language code of text/sound track or separate title | eng |
| 082 ## - DEWEY DECIMAL CLASSIFICATION NUMBER | |
| Classification number | 657 |
| Item number | ANTR |
| 100 ## - MAIN ENTRY--PERSONAL NAME | |
| Personal name | Anthony, Robert N. |
| 9 (RLIN) | 251969 |
| 245 ## - TITLE STATEMENT | |
| Title | Accounting: |
| Remainder of title | text and cases / |
| Statement of responsibility, etc. | By Robert N Anthony, David F. Hawkins and Kenneth A. Merchant. |
| 250 ## - EDITION STATEMENT | |
| Edition statement | 11th ed. |
| 260 ## - PUBLICATION, DISTRIBUTION, ETC. | |
| Place of publication, distribution, etc. | New Delhi : |
| Name of publisher, distributor, etc. | Tata McGraw Hill Publishing Company Ltd , |
| Date of publication, distribution, etc. | 2005. |
| 300 ## - PHYSICAL DESCRIPTION | |
| Extent | xxvi,975 p.; |
| Other physical details | PB |
| Dimensions | 26.4 cm. |
| 650 ## - SUBJECT ADDED ENTRY--TOPICAL TERM | |
| Topical term or geographic name entry element | Financial accounting |
| 9 (RLIN) | 251970 |
| 650 ## - SUBJECT ADDED ENTRY--TOPICAL TERM | |
| Topical term or geographic name entry element | Accounting records and systems |
| 9 (RLIN) | 251971 |
| 650 ## - SUBJECT ADDED ENTRY--TOPICAL TERM | |
| Topical term or geographic name entry element | Management accounting |
| 9 (RLIN) | 251972 |
| 700 ## - ADDED ENTRY--PERSONAL NAME | |
| Personal name | Hawkins, David F. |
| 9 (RLIN) | 251973 |
| 700 ## - ADDED ENTRY--PERSONAL NAME | |
| Personal name | Merchant, Kenneth A. |
| 9 (RLIN) | 251974 |
| 942 ## - ADDED ENTRY ELEMENTS (KOHA) | |
| Source of classification or shelving scheme | Dewey Decimal Classification |
| Koha item type | Book |
| Edition | 11th |
| Call number prefix | 657 ANTR |
| Withdrawn status | Lost status | Damaged status | Not for loan | Collection code | Home library | Current library | Date acquired | Source of acquisition | Total Checkouts | Full call number | Barcode | Date last seen | Price effective from | Koha item type |
|---|---|---|---|---|---|---|---|---|---|---|---|---|---|---|
| MCA | St Aloysius Institute of Management & Information Technology | St Aloysius Institute of Management & Information Technology | 07/16/2021 | Donated | 657 ANTR | MCA02554 | 07/21/2025 | 07/16/2021 | Book |